000 00341nam a2200133 i 4500
001 bg
245 0 _aVIII Sympozjum szklarskie.
_nT. 2,
_pInnowacje w przemyśle szklarskim.
246 _aSympozjum szklarskie, 7
260 _aSulejów,
_c1987.
040 _cBPK
041 _apol
942 _cKS
008 s pl f |000 0 pol
999 _c23698
_d23698
856 _uhttp://koha.tu.koszalin.pl/cgi-bin/koha/opac-detail.pl?biblionumber=23698
_yKatalog online BPK